Manual de Contabilidad (Registro nro. 1613)
[ vista simple ]
| 000 -LEADER | |
|---|---|
| fixed length control field | 01753 a2200229 4500 |
| 001 - CONTROL NUMBER | |
| control field | 27650 |
| 005 - DATE AND TIME OF LATEST TRANSACTION | |
| control field | 20260407155550.0 |
| 008 - FIXED-LENGTH DATA ELEMENTS--GENERAL INFORMATION | |
| fixed length control field | 260407a1967 arg spa d |
| 003 - CONTROL NUMBER IDENTIFIER | |
| control field | AR-UNSa-BCEJYS |
| 040 ## - CATALOGING SOURCE | |
| Original cataloging agency | AR-UNSa-BCEJYS |
| Language of cataloging | spa |
| Transcribing agency | AR-UNSa-BCEJYS |
| 080 ## - UNIVERSAL DECIMAL CLASSIFICATION NUMBER | |
| Universal Decimal Classification number | 657 |
| Common auxiliary subdivision | Contabilidad |
| 100 1# - MAIN ENTRY--PERSONAL NAME | |
| Personal name | Hansen, Palle |
| 245 10 - TITLE STATEMENT | |
| Title | Manual de Contabilidad |
| 250 ## - EDITION STATEMENT | |
| Edition statement | 3a. ed |
| 264 #1 - PRODUCTION, PUBLICATION, DISTRIBUTION, MANUFACTURE, AND COPYRIGHT NOTICE | |
| Place of production, publication, distribution, manufacture | Madrid : |
| Name of producer, publisher, distributor, manufacturer | Aguilar |
| Date of production, publication, distribution, manufacture, or copyright notice | 1967 |
| 300 ## - PHYSICAL DESCRIPTION | |
| Extent | 1142 p. |
| Dimensions | 25 cm. |
| 505 ## - FORMATTED CONTENTS NOTE | |
| Formatted contents note | 1. Función Contable: Su alcance y organización del departamento encargado de desarrollarla en la empresa - 2. Cuentas y planes de cuentas - 3. Métodos de contabilidad - 4. Construcción y contenido del balance anual - 5. Cálculo del superavit del ejercicio - 6. Los ingresos y su control - 7. Exitencia en caja, bancos y otras de carácter líquido - 8. Deudores - 9. Existencias de mercancías- 10. Activo material - 11. Activos materiales - 12. Títulos, etc. - 13. Capital ajeno - 14. Capital propio - 15. Análisis del balance anual - 16. Contabilidades de concentraciones - 17. Inventarios y balances en los casos de suspensión de pagos - 18. Otras comprobaciones especiales de contabilidad - 19. Organización de la contabilidad de explotación - 20. Boletines internos de contabilidad - 21. Los costos y su tratmiento en la ontabilidad - 22. Contabilidad de costos standard - 23. Materiales - 24. Salarios - 25. Amortizaciones - 26. Los costos indirectos y su distribuación entre los lugares de costos - 27. El Cálculo - 28. Presupuesto - 29. Contabilidad a máquina - 30. Medios auxiliares técnicos de oficina - 31. Formularios y sistemas de formularios. |
| 590 ## - LOCAL NOTE (RLIN) | |
| Local note | niveau_biblio:m niveau_hierar:0 |
| 700 1# - ADDED ENTRY--PERSONAL NAME | |
| Personal name | Koefoed, Arne |
| 700 1# - ADDED ENTRY--PERSONAL NAME | |
| Personal name | Suarez Franck, Armando |
| 942 ## - ADDED ENTRY ELEMENTS (KOHA) | |
| Koha item type | |
| Withdrawn status | Lost status | Damaged status | Not for loan | Home library | Current library | Shelving location | Date acquired | Total checkouts | Full call number | Barcode | Date last seen | Price effective from | Koha item type |
|---|---|---|---|---|---|---|---|---|---|---|---|---|---|
| Biblioteca Prof. Eusebio Cleto del Rey | Biblioteca Prof. Eusebio Cleto del Rey | 07/04/2026 | 657 H249m 3ed. | L69694 | 07/04/2026 | 07/04/2026 | Libro | ||||||
| Biblioteca Prof. Eusebio Cleto del Rey | Biblioteca Prof. Eusebio Cleto del Rey | 07/04/2026 | 657 H249m 3ed. | L20882 | 07/04/2026 | 07/04/2026 | Libro | ||||||
| Biblioteca Prof. Eusebio Cleto del Rey | Biblioteca Prof. Eusebio Cleto del Rey | 07/04/2026 | 657 H249m 3ed. | L21182 | 07/04/2026 | 07/04/2026 | Libro |